000 00642nam a2200193Ia 4500
003 IN-BaIIA
008 211028s9999 xx s 000 0 eng d
020 _a978-2-7598-0606-5 (Online)
022 _a1633-4760 (Print)
022 _a1638-1963 (Online)
040 _cIIA Library
100 _aWozniak, H., ed.
_938207
245 0 _aJENAM 2008: Grand Challenges in Computational Astrophysics
_h[eBook]
260 _aFrance
_bEDP Sciences
_c2010
300 _avi, 126p.
490 _aEAS Publications Series
856 _uhttps://www.eas-journal.org/articles/eas/abs/2010/05/contents/contents.html
_yClick Here to Access eBook
942 _cEB
999 _c20638
_d20638